Essai sur l'indifférence en matière de religion / (Record no. 156966)

MARC details
000 -LEADER
campo de control de longitud fija 00714nam a22002055i 4500
001 - NÚMERO DE CONTROL
campo de control 156966
003 - IDENTIFICADOR DE NÚMERO DE CONTROL
campo de control ES-MaACL
005 - FECHA Y HORA DE LA ÚLTIMA TRANSACCIÓN
campo de control 20230906210537.0
008 - DATOS DE LONGITUD FIJA--INFORMACIÓN GENERAL
campo de control de longitud fija 980904s1859 fr |||| | fre d
040 ## - FUENTE DE CATALOGACIÓN
Centro catalogador/agencia de origen CAM
Lengua de catalogación spa
Centro/agencia transcriptor CAM
100 1# - ENTRADA PRINCIPAL--NOMBRE DE PERSONA
Nombre de persona Lamennais, Félicité.
9 (RLIN) 69843
245 10 - MENCIÓN DEL TÍTULO
Título Essai sur l'indifférence en matière de religion /
Mención de responsabilidad, etc. F. de Lamennais.
260 ## - PUBLICACIÓN, DISTRIBUCIÓN, ETC.
Lugar de publicación, distribución, etc. Paris :
Nombre del editor, distribuidor, etc. Garnier Frères,
Fecha de publicación, distribución, etc. 1859 (
Fabricante Simon Raçon et Comp.)
300 ## - DESCRIPCIÓN FÍSICA
Extensión 2 v. ;
Dimensiones 18 cm.
490 1# - MENCIÓN DE SERIE
Mención de serie Oeuvres de F. de Lamennais
597 #1 - NOTA DE DESCRIPCIÓN FÍSICA
NOTA DE DESCRIPCIÓN FÍSICA T. I. (410 p.) -- T. II (418 p.) -- T. III (388 p.) -- T. IV (380 p.)
830 0# - PUNTO DE ACCESO ADICIONAL DE SERIE-TÍTULO UNIFORME
Título uniforme Oeuvres de F. de Lamennais
9 (RLIN) 221739
852 ## - LOCALIZACIÓN
Ubicación ES-MaACL
Número de control de estantería D-3042-3045
Nota libre -- Enc. hol.
Holdings
Estatus retirado Estado de pérdida Estado de daño No para préstamo Colección Biblioteca de origen Biblioteca actual Ubicación en estantería Fecha de adquisición Fuente de adquisición Total de préstamos Signatura topográfica completa Código de barras Visto por última vez Precio de reemplazo Tipo de ítem Koha
        Libros del s. XIX Biblioteca del Ateneo de Madrid Biblioteca del Ateneo de Madrid Sala Valle Inclán 17/01/2008     D-3042-3045 901164229 23/02/2023 23/02/2023 Libro impreso antiguo